Manual tecnico de cables deenegia /Victor Sierra Madrigal (Registro nro. 24689)
[ vista simple ]
| 000 -LÍDER | |
|---|---|
| fixed length control field | 00393nam a2200133 4500 |
| 020 ## - NÚMERO INTERNACIONAL NORMALIZADO PARA LIBROS | |
| ISBN | 968-451-576-6 |
| 082 ## - NUMERO DE CLASIFICACION DECIMAL DEWEY | |
| Número de Clasificación | 621.319 36 S789m |
| 100 ## - ASIENTO PRINCIPAL--NOMBRE PERSONAL | |
| Nombre personal | Sierra Madrigal Victor |
| 245 ## - TÍTULO | |
| Título | Manual tecnico de cables deenegia /Victor Sierra Madrigal |
| 260 ## - PUBLICACIÓN, DISTRIBUCIÓN, ETC. (PIE DE IMPRENTA) | |
| Lugar de publicación, distribución, etc. | Mexico : Mcgrawhill |
| 300 ## - DESCRIPCIÓN FÍSICA | |
| Extensión | 435p/25cm. |
| 650 ## - ASIENTO SECUNDARIO DE MATERIA - TERMINO TEMÁTICO | |
| Término temático o nombre geográfico como elemento de entrada | 1.MANUAL TECNICO DE CABLES DE ENEGIA |
| 700 ## - ASIENTO SECUNDARIO - NOMBRE PERSONAL | |
| Nombre personal | l. Sansores Escalante Alfonso |
| No. biblioteca | No. biblioteca | Número de clasificación | Código de barras/Número de adquisición | Número de copia | Tipo de material |
|---|---|---|---|---|---|
| LUIS G. INCLAN | LUIS G. INCLAN | 621.319 36 S789m | 11315 | 2 | Libros |
